Reconocimiento y medición de activos NIIF para PYMES: ejercicios prácticos
Sábháilte in:
| Príomhchruthaitheoir: | |
|---|---|
| Formáid: | LEABHAR |
| Teanga: | Spáinnis |
| Foilsithe / Cruthaithe: |
Santiago
Ediciones Costa Brava S. A
2014
|
| Eagrán: | 1a. ed |
| Sraith: | Manual de Consultas IFRS
|
| Ábhair: | |
| Clibeanna: |
Cuir clib leis
Níl clibeanna ann, Bí ar an gcéad duine le clib a chur leis an taifead seo!
|
MARC
| LEADER | 00000cam a2200000 a 4500 | ||
|---|---|---|---|
| 001 | UCD0411 | ||
| 003 | CL-VaPUC | ||
| 008 | 151127e20140000cl |||||||||||||||||spa|d | ||
| 020 | |a 9789563535945 | ||
| 082 | 0 | 4 | |a 657.48 |b TOR |2 21 |
| 100 | 0 | |a Torres Cárdenas, Fernando A |e author |9 583380 | |
| 245 | 1 | 0 | |a Reconocimiento y medición de activos NIIF para PYMES: ejercicios prácticos |
| 250 | |a 1a. ed | ||
| 300 | |a 189 p | ||
| 942 | |c BK | ||
| 945 | |d 20151127 13:45:00 |a dcastane | ||
| 260 | |a Santiago |b Ediciones Costa Brava S. A |c 2014 | ||
| 650 | 0 | |a Contabilidad financiera |9 307017 | |
| 650 | 0 | |a Activos financieros |x Contabilidad |9 394751 | |
| 650 | 7 | |a ESTADOS FINANCIEROS |2 CL-VaPUC |9 583381 | |
| 583 | |a last modification |c 20151127 13:45:00 |k Rodrigo Vera | ||
| 490 | 0 | |a Manual de Consultas IFRS | |
| 999 | |c 361950 |d 361948 | ||
| 952 | |0 0 |1 0 |3 erb |4 0 |6 657_480000000000000_TOR_2014 |7 0 |8 A |9 472709 |a BIBGIM |b BIBGIM |i 5253756 |o 657.48 TOR 2014 |p 5253756 |r 2025-01-15 |w 2019-11-24 |y BK |z Catalogado en:20151127 |k COM | ||
| 952 | |0 0 |1 0 |3 erb |4 0 |6 657_480000000000000_TOR_2014 |7 0 |8 A |9 472710 |a BIBGIM |b BIBGIM |i 5253748 |o 657.48 TOR 2014 |p 5253748 |r 2025-01-15 |w 2019-11-24 |y BK |z Catalogado en:20151127 |k COM | ||
| 952 | |0 0 |1 0 |3 erb |4 0 |6 657_480000000000000_TOR_2014 |7 0 |8 A |9 472711 |a BIBGIM |b BIBGIM |i 525373K |o 657.48 TOR 2014 |p 525373K |r 2025-01-15 |w 2019-11-24 |y BK |z Catalogado en:20151127 |k COM | ||
| 952 | |0 0 |1 0 |3 erb |4 0 |6 657_480000000000000_TOR_2014 |7 0 |8 A |9 472712 |a BIBGIM |b BIBGIM |i 5253721 |o 657.48 TOR 2014 |p 5253721 |r 2025-01-15 |w 2019-11-24 |y BK |z Catalogado en:20151127 |k COM | ||
| 952 | |0 0 |1 0 |3 erb |4 0 |6 657_480000000000000_TOR_2014 |7 0 |8 A |9 472713 |a BIBGIM |b BIBGIM |i 5253713 |o 657.48 TOR 2014 |p 5253713 |r 2025-01-15 |w 2019-11-24 |y BK |z Catalogado en:20151127 |k COM | ||
| 952 | |0 0 |1 0 |3 erb |4 0 |6 657_480000000000000_TOR_2014 |7 0 |8 A |9 472714 |a BIBGIM |b BIBGIM |i 5253705 |o 657.48 TOR 2014 |p 5253705 |r 2025-01-15 |w 2019-11-24 |y BK |z Catalogado en:20151127 |k COM | ||
| 952 | |0 0 |1 0 |3 erb |4 0 |6 657_480000000000000_TOR_2014 |7 0 |8 A |9 472715 |a BIBGIM |b BIBGIM |i 5253691 |o 657.48 TOR 2014 |p 5253691 |r 2025-01-15 |w 2019-11-24 |y BK |z Catalogado en:20151127 |k COM | ||
| 952 | |0 0 |1 0 |3 erb |4 0 |6 657_480000000000000_TOR_2014 |7 0 |8 A |9 472716 |a BIBGIM |b BIBGIM |i 5253683 |o 657.48 TOR 2014 |p 5253683 |r 2025-01-15 |w 2019-11-24 |y BK |z Catalogado en:20151127 |k COM | ||